La savia como índice de fertilización. Cultivos agroenergéticos, hortícolas, ornamentales y frutales.
Guardado en:
| Autor principal: | |
|---|---|
| Formato: | Libro |
| Lenguaje: | español |
| Publicado: |
Madrid, España:
Ediciones Mundi Prensa,
2008
|
| Materias: | |
| Etiquetas: |
Agregar Etiqueta
Sin Etiquetas, Sea el primero en etiquetar este registro!
|
MARC
| LEADER | 00000nam a2200000 a 4500 | ||
|---|---|---|---|
| 001 | UCH7754 | ||
| 003 | CL-VaPUC | ||
| 005 | 20220302113411.0 | ||
| 008 | 091126e20080000SP |||||||||||||||||spa|d | ||
| 999 | |c 338131 |d 338129 | ||
| 020 | |a 9788484763567 | ||
| 040 | |c Pontificia Universidad Católica de Valparaíso | ||
| 082 | 0 | 4 | |a 631.8 CAD 2008 |2 21 |
| 100 | 0 | |a Cadahía López, Carlos |e coordinador y director |9 544066 | |
| 245 | 1 | 3 | |a La savia como índice de fertilización. |b Cultivos agroenergéticos, hortícolas, ornamentales y frutales. |
| 260 | |a Madrid, España: |b Ediciones Mundi Prensa, |c 2008 | ||
| 300 | |a 256 páginas | ||
| 583 | |a last modification |c 20091126 00:00:00 |k Rodrigo Vera | ||
| 650 | 0 | |a Savia |2 CL-VaPUC |9 544067 | |
| 650 | 0 | |a Fertilización |9 259681 | |
| 650 | 0 | |a Plantas ornamentales |9 345450 |x Fertilización | |
| 650 | 0 | |a Arboles frutales |2 CL-VaPUC |9 860803 |x Nutrición | |
| 650 | 0 | |a Horticultura |9 259721 | |
| 942 | |c BK |2 ddc | ||
| 945 | |d 20091126 00:00:00 |a rbrito | ||
| 952 | |0 0 |1 0 |4 0 |6 631_800000000000000_CAD_2008 |7 0 |8 A |9 430968 |a BIBAGR |b BIBAGR |d 2019-11-22 |i 4621514 |o 631.8 CAD 2008 |p 4621514 |r 2025-01-20 |w 2019-11-22 |y BK |k AGR | ||
| 952 | |0 0 |1 0 |2 ddc |4 0 |6 631_800000000000000_CAD_2008 |7 0 |8 A |9 581581 |a BIBAGR |b BIBAGR |c GEN |d 2022-03-02 |e 3 |g 45660.00 |i 564836K |o 631.8 CAD 2008 |p 564836K |r 2025-01-20 |t 2 |v 45660.00 |w 2022-03-02 |y BK |k AGR | ||